Akademický jazyk v univerzitnom prostredí
Analýza stavu výskumu vedeckého jazyka z aspektu spoločenských potrieb vysokoškolského prostredia na Slovensku.
Salvato in:
| Autore principale: | |
|---|---|
| Natura: | Capitolo di libro |
| Lingua: | slovacco |
| Soggetti: | |
| Tags: |
Nessun Tag, puoi essere il primo ad aggiungerne!!
|
MARC
| LEADER | 00000naa a2200000 4500 | ||
|---|---|---|---|
| 001 | 0159719 | ||
| 005 | 20240502072752.3 | ||
| 041 | 0 | |a slo | |
| 044 | |a SK | ||
| 245 | 1 | 0 | |a Akademický jazyk v univerzitnom prostredí |c Eva Széherová |
| 520 | |a Analýza stavu výskumu vedeckého jazyka z aspektu spoločenských potrieb vysokoškolského prostredia na Slovensku. | ||
| 610 | 2 | 0 | |a jazyky cudzie |
| 610 | 2 | 0 | |a jazyk odborný |
| 610 | 2 | 0 | |a univerzity |
| 100 | 1 | |a Széherová, Eva | |